| 000 | 00493nam a22001817a 4500 | ||
|---|---|---|---|
| 003 | CEME | ||
| 005 | 20210628210733.0 | ||
| 008 | 210212b xxu||||| |||| 00| 0 eng d | ||
| 020 | _a0-19-504949-7 | ||
| 040 | _c. | ||
| 082 | _a530 DUN | ||
| 100 |
_aDunlap, R.A _980780 |
||
| 245 | _aExperimental physics modern methods | ||
| 260 |
_aNEW YORK _bOXFORD UNIVERSITY PRESS _c1998 |
||
| 300 | _a396P | ||
| 650 |
_aPHYSICS-EXPERIMENTS-METHODOLOGY PHYSICAL MEASUREMENTS _980781 |
||
| 942 |
_cBK _2ddc |
||
| 999 |
_c585660 _d585660 |
||